[Event "POL-ch U20 Girls"]
[Site "Karpacz"]
[Date "2022.11.22"]
[Round "5"]
[White "Salamon, Julia"]
[Black "Rejniak, Zuzanna"]
[Result "0-1"]
[WhiteElo "1575"]
[BlackElo "1831"]
[PlyCount "78"]
[EventDate "2022.11.19"]
[EventType "swiss"]
[EventRounds "9"]
[EventCountry "POL"]
[SourceTitle "EXT 2024"]
[Source "ChessBase"]
[SourceDate "2023.10.10"]
[SourceVersion "1"]
[SourceVersionDate "2023.10.10"]
[SourceQuality "1"]

1. d4 d5 2. c4 dxc4 3. e3 e6 4. Bxc4 Nf6 5. Nc3 c5 6. Nf3 a6 7. a4 Nc6 8. 0-0 Be7 9. b3 0-0 10. Bb2 cxd4 11. exd4 Nd5 12. Ne4 b6 13. Ne5 Ncb4 14. Qd2 Bb7 15. Nc3 Rc8 16. Rac1 Nxc3 17. Bxc3 Nd5 18. Bb2 Bb4 19. Qd1 Qg5 20. Nf3 Qf6 21. Ne5 Rfd8 22. Bxd5 Bxd5 23. Qd3 Bb7 24. Qe3 Bd5 25. Qd3 Qg5 26. f3 Qd2 27. Qxa6 Rxc1 28. Bxc1 Qxd4+ 29. Kh1 Qxe5 30. Qxb6 Qb8 31. Qe3 Bd6 32. Bb2 Bxb3 33. Qg5 Bf8 34. Be5 Rd5 35. Bxb8 Rxg5 36. Rb1 Rd5 37. h3 Rd1+ 38. Rxd1 Bxd1 39. a5 Be2 0-1

[Event "POL-ch U20 Girls"]
[Site "Karpacz"]
[Date "2022.11.20"]
[Round "2"]
[White "Czarniecka, Aleksandra"]
[Black "Salamon, Julia"]
[Result "1/2-1/2"]
[WhiteElo "2003"]
[BlackElo "1575"]
[PlyCount "129"]
[EventDate "2022.11.19"]
[EventType "swiss"]
[EventRounds "9"]
[EventCountry "POL"]
[SourceTitle "EXT 2024"]
[Source "ChessBase"]
[SourceDate "2023.10.10"]
[SourceVersion "1"]
[SourceVersionDate "2023.10.10"]
[SourceQuality "1"]

1. e4 c5 2. Nf3 e6 3. d4 cxd4 4. Nxd4 Nf6 5. Nc3 Nc6 6. Ndb5 Bb4 7. a3 Bxc3+ 8. Nxc3 d5 9. exd5 exd5 10. Bd3 0-0 11. 0-0 d4 12. Ne4 Bf5 13. Bg5 Bxe4 14. Bxe4 h6 15. Bh4 Qd6 16. Bg3 Qd8 17. Bd3 Re8 18. Qf3 Qb6 19. Rae1 a5 20. b3 Qc5 21. a4 Qb4 22. Rxe8+ Rxe8 23. Bb5 Re6 24. h3 Ne4 25. Qf5 Ne7 26. Qf4 Nd6 27. Bd3 Nd5 28. Qf3 Nf6 29. Bxd6 Rxd6 30. Bc4 Rd8 31. Rd1 Qb6 32. Re1 Qc7 33. Qf5 b6 34. Qe5 Qxe5 35. Rxe5 Kf8 36. f3 Rd6 37. Kf2 Nd7 38. Re1 f6 39. Bb5 Nc5 40. Re8+ Kf7 41. Rb8 f5 42. Bc4+ Ke7 43. h4 Nd7 44. Rb7 Kf6 45. f4 g5 46. Kg3 Nc5 47. Rf7+ Kg6 48. fxg5 hxg5 49. h5+ Kxh5 50. Rxf5 Kg6 51. Kg4 Ne4 52. Bd3 Nf6+ 53. Kf3 Kh6 54. Re5 Nd5 55. g3 Nf6 56. Bf5 Rd5 57. Rxd5 Nxd5 58. Bd3 Nf6 59. Ke2 Nd7 60. Kf3 Nc5 61. Bf5 Kg7 62. Kg4 Kf6 63. Bh7 Nd7 64. Kf3 Nc5 65. Kg4 1/2-1/2

[Event "POL-ch U13 Girls Qual"]
[Site "Jastrzebia Gora"]
[Date "2021.11.20"]
[Round "8"]
[White "Opalka, Marta"]
[Black "Salamon, Julia"]
[Result "1/2-1/2"]
[WhiteElo "1142"]
[BlackElo "1568"]
[PlyCount "134"]
[EventDate "2021.11.15"]
[EventType "swiss"]
[EventRounds "9"]
[EventCountry "POL"]
[SourceTitle "EXT 2023"]
[Source "ChessBase"]
[SourceDate "2022.10.05"]
[SourceVersion "1"]
[SourceVersionDate "2022.10.05"]
[SourceQuality "1"]

1. Nf3 c5 2. c4 Nf6 3. Nc3 Nc6 4. e3 e6 5. b3 Be7 6. Bb2 0-0 7. Qc2 d5 8. cxd5 exd5 9. d4 cxd4 10. Nxd4 Nxd4 11. exd4 Be6 12. Bd3 Rc8 13. 0-0 Bb4 14. a3 Bxc3 15. Bxc3 Qd7 16. Qd2 Bf5 17. Bxf5 Qxf5 18. f3 Rc6 19. Rfe1 Re6 20. Rxe6 Qxe6 21. Re1 Qd7 22. Bb4 Re8 23. Rxe8+ Qxe8 24. Qe1 Qxe1+ 25. Bxe1 Kf8 26. Kf2 Ke7 27. Ke3 Nd7 28. Bh4+ f6 29. Be1 Nb8 30. Bb4+ Ke6 31. Bc3 Nc6 32. g3 b5 33. Kd3 Kd6 34. Bd2 a6 35. Bf4+ Kd7 36. Bd2 Ke6 37. Ke3 Kd6 38. Kd3 Kd7 39. Ke3 Ke6 40. Kd3 g6 41. g4 f5 42. g5 Kd7 43. h4 Nd8 44. b4 Nc6 45. f4 Na7 46. Kc3 Nc8 47. Kd3 Nd6 48. Bc1 Ne4 49. Be3 Ng3 50. Bf2 Nf1 51. Ke2 Nh2 52. Bg3 Ng4 53. Kf3 Ne3 54. Kxe3 Ke6 55. Kd3 Kd7 56. Kc3 Kc6 57. Kb3 Kd6 58. a4 Kd7 59. axb5 axb5 60. Kc3 Ke6 61. Kd3 Kd6 62. Ke3 Ke6 63. Kf3 Ke7 64. Kg2 Ke6 65. Kh3 Kf7 66. h5 Kg7 67. hxg6 hxg6 1/2-1/2

[Event "POL-ch U13 Girls Qual"]
[Site "Jastrzebia Gora"]
[Date "2021.11.18"]
[Round "6"]
[White "Salamon, Julia"]
[Black "Racis, Dominika"]
[Result "1-0"]
[WhiteElo "1568"]
[BlackElo "1029"]
[PlyCount "89"]
[EventDate "2021.11.15"]
[EventType "swiss"]
[EventRounds "9"]
[EventCountry "POL"]
[SourceTitle "EXT 2023"]
[Source "ChessBase"]
[SourceDate "2022.10.05"]
[SourceVersion "1"]
[SourceVersionDate "2022.10.05"]
[SourceQuality "1"]

1. d4 b6 2. c4 d5 3. cxd5 Qxd5 4. Nc3 Qd7 5. e4 Bb7 6. Nf3 Nf6 7. Bd3 e6 8. Ne5 Qe7 9. 0-0 Nbd7 10. Bb5 0-0-0 11. Qa4 a5 12. Nc6 Bxc6 13. Bxc6 Nb8 14. d5 exd5 15. exd5 Qb4 16. Rd1 Qxa4 17. Bxa4 Bc5 18. Bg5 Rd6 19. Bxf6 Rxf6 20. Ne4 Rf5 21. Nxc5 bxc5 22. Rac1 Na6 23. Bb5 Kb7 24. Bxa6+ Kxa6 25. Rxc5 Kb6 26. Rdc1 Rd8 27. a4 Rfxd5 28. Rc6+ Kb7 29. Rxc7+ Kb8 30. g3 Rd1+ 31. Kg2 Rxc1 32. Rxc1 Rd4 33. b3 Rd3 34. Rc5 Rxb3 35. Rxa5 g6 36. Re5 Rb7 37. Kf3 Ra7 38. Re8+ Kb7 39. Re7+ Kb6 40. Rxa7 Kxa7 41. Ke4 Ka6 42. Ke5 Ka5 43. Kf6 Kxa4 44. Kxf7 Kb4 45. Kg7 1-0

[Event "POL-ch U14 Girls"]
[Site "Uniejow"]
[Date "2021.07.23"]
[Round "7"]
[White "Tokarz, Izabela"]
[Black "Salamon, Julia"]
[Result "1-0"]
[WhiteElo "1681"]
[BlackElo "1504"]
[PlyCount "113"]
[EventDate "2021.07.18"]
[EventType "swiss"]
[EventRounds "9"]
[EventCountry "POL"]
[SourceTitle "EXT 2022"]
[Source "ChessBase"]
[SourceDate "2021.10.06"]
[SourceVersion "1"]
[SourceVersionDate "2021.10.06"]
[SourceQuality "1"]

1. c4 c5 2. Nf3 Nc6 3. Nc3 Nf6 4. e4 e6 5. d3 d6 6. h3 Be7 7. Be2 0-0 8. 0-0 a6 9. d4 cxd4 10. Nxd4 Nd7 11. Be3 Nxd4 12. Bxd4 Bf6 13. Rc1 Qc7 14. Qd2 Rd8 15. Bxf6 Nxf6 16. Rfd1 Rd7 17. b4 b6 18. Qe3 Rb8 19. Rd4 Bb7 20. a3 Ba8 21. Rdd1 Qb7 22. Bf3 Qc7 23. Ne2 Qd8 24. Qf4 e5 25. Qe3 Rc8 26. a4 h6 27. Ng3 Kh7 28. Nh5 Rb8 29. Ng3 g6 30. Nf1 b5 31. cxb5 axb5 32. a5 Qe7 33. Re1 Rc7 34. Rxc7 Qxc7 35. Rc1 Qe7 36. Nd2 Kg7 37. Nb3 Qb7 38. Rd1 Qc7 39. Qd3 Ne8 40. Rc1 Qe7 41. Rc3 Qd8 42. Qc2 Nf6 43. Nd2 Nd7 44. Rc7 Nf6 45. g3 Ne8 46. Rc3 h5 47. Kh2 Bb7 48. Qd3 Ba8 49. Nf1 Nc7 50. Ne3 f5 51. Nc2 fxe4 52. Bxe4 d5 53. Bxg6 d4 54. Qf5 dxc3 55. Qf7+ Kh6 56. Qh7+ Kg5 57. h4+ 1-0

[Event "POL-ch U14 Girls"]
[Site "Uniejow"]
[Date "2021.07.21"]
[Round "5"]
[White "Salamon, Julia"]
[Black "Predkiewicz, Paulina"]
[Result "1/2-1/2"]
[WhiteElo "1504"]
[BlackElo "1344"]
[PlyCount "88"]
[EventDate "2021.07.18"]
[EventType "swiss"]
[EventRounds "9"]
[EventCountry "POL"]
[SourceTitle "EXT 2022"]
[Source "ChessBase"]
[SourceDate "2021.10.06"]
[SourceVersion "1"]
[SourceVersionDate "2021.10.06"]
[SourceQuality "1"]

1. d4 d5 2. c4 e6 3. Nc3 Be7 4. Nf3 Nf6 5. Bg5 h6 6. Bh4 0-0 7. e3 Nbd7 8. Bd3 dxc4 9. Bxc4 c5 10. 0-0 b6 11. Qe2 Bb7 12. Rfd1 Qc8 13. Bb5 Bd6 14. Bxd7 Nxd7 15. Rac1 Qc6 16. d5 exd5 17. Nxd5 Kh8 18. Qd3 Ne5 19. Nxe5 Bxe5 20. Qe2 Rae8 21. b3 f5 22. f3 Qe6 23. Nc3 Bb8 24. Re1 Qd6 25. f4 Rg8 26. Rcd1 Qc6 27. Qf2 g5 28. Bg3 gxf4 29. exf4 Rxe1+ 30. Rxe1 Bxf4 31. Re2 Bxg3 32. hxg3 Qf6 33. Qf4 Bc6 34. Rd2 Qg5 35. Rd6 Qxf4 36. gxf4 Bxg2 37. Rxh6+ Kg7 38. Rh5 Be4 39. Nxe4 fxe4 40. Re5 Kf7+ 41. Kf2 Rh8 42. Kg3 Rg8+ 43. Kf2 Rh8 44. Kg3 Rg8+ 1/2-1/2

[Event "POL-ch U14 Girls"]
[Site "Uniejow"]
[Date "2021.07.20"]
[Round "3"]
[White "Jaros, Emilia"]
[Black "Salamon, Julia"]
[Result "0-1"]
[WhiteElo "1241"]
[BlackElo "1504"]
[PlyCount "146"]
[EventDate "2021.07.18"]
[EventType "swiss"]
[EventRounds "9"]
[EventCountry "POL"]
[SourceTitle "EXT 2022"]
[Source "ChessBase"]
[SourceDate "2021.10.06"]
[SourceVersion "1"]
[SourceVersionDate "2021.10.06"]
[SourceQuality "1"]

1. e4 c5 2. Nf3 e6 3. d4 cxd4 4. Nxd4 Nf6 5. Nc3 Nc6 6. Nxc6 bxc6 7. e5 Nd5 8. Ne4 Qc7 9. f4 Qb6 10. a3 Ne3 11. Qd3 Nxf1 12. Rxf1 Ba6 13. c4 Qa5+ 14. Bd2 Qd5 15. Qxd5 cxd5 16. Nc3 Bxc4 17. Rf3 Rb8 18. b4 d6 19. Be3 Rb7 20. Bd4 dxe5 21. fxe5 Be7 22. Kf2 0-0 23. Re1 Bh4+ 24. g3 Be7 25. Kg2 Ra8 26. Na4 a5 27. Nb6 Ra6 28. Nxc4 dxc4 29. bxa5 Rxa5 30. Rc1 Ra4 31. Rfc3 Rc7 32. Ra1 Rc8 33. Rc2 Rxa3 34. Rxa3 Bxa3 35. Kf3 h6 36. Ke4 Kh7 37. Ba1 Kg6 38. h3 h5 39. Bd4 Bb4 40. Bc3 Bxc3 41. Rxc3 Rc7 42. Kf4 Rc5 43. h4 Kh6 44. Ke4 Kg6 45. Kf4 f6 46. exf6 gxf6 47. Ke4 e5 48. Kf3 f5 49. Ke3 Kf6 50. Rc2 Ke6 51. Rc1 c3 52. Kd3 Kd5 53. Rc2 Rc4 54. Ke3 e4 55. Rc1 c2 56. Kd2 Kd4 57. Rxc2 Rxc2+ 58. Kxc2 Ke3 59. Kd1 Kf2 60. Kd2 e3+ 61. Kc2 e2 62. Kb2 e1Q 63. Kb3 Qc1 64. Kb4 Qc2 65. Kb5 Qc3 66. Ka4 Qb2 67. Ka5 Kxg3 68. Ka4 f4 69. Ka5 f3 70. Ka4 f2 71. Ka5 f1B 72. Ka4 Bc4 73. Ka5 Qb5# 0-1

[Event "POL-chT U20"]
[Site "Lublin"]
[Date "2021.07.02"]
[Round "7.6"]
[White "Salamon, Julia"]
[Black "Sprzeczka, Emilia"]
[Result "1-0"]
[WhiteElo "1504"]
[BlackElo "1431"]
[PlyCount "119"]
[EventDate "2021.06.26"]
[EventType "team-tourn"]
[EventRounds "9"]
[EventCountry "POL"]
[SourceTitle "CBM 203 Extra"]
[Source "ChessBase"]
[SourceDate "2021.09.30"]
[SourceVersion "1"]
[SourceVersionDate "2021.09.30"]
[SourceQuality "1"]
[WhiteTeam "Jastrzebie Zdroj Pionier"]
[BlackTeam "Rydultowy Ognisko"]
[WhiteTeamCountry "POL"]
[BlackTeamCountry "POL"]

1. d4 Nf6 2. Nf3 e6 3. c4 b6 4. Nc3 Bb4 5. e3 Bb7 6. Be2 0-0 7. 0-0 Bxc3 8. bxc3 Ne4 9. Qc2 f5 10. Bd3 d6 11. Nd2 Nxd2 12. Bxd2 Nd7 13. f3 Qg5 14. e4 f4 15. e5 dxe5 16. Bxh7+ Kh8 17. Be4 Bxe4 18. Qxe4 Rad8 19. Rad1 Rf6 20. dxe5 Qxe5 21. Qc6 Rg6 22. Rde1 Qg5 23. Re2 Ne5 24. Qxc7 Rd3 25. Bxf4 Qxf4 26. Qxe5 Qxe5 27. Rxe5 Rd2 28. g3 Rh6 29. h4 Rg6 30. g4 Rxa2 31. Rfe1 Rf6 32. R1e3 Rf4 33. Rxe6 Rxc4 34. Re7 Ra3 35. g5 Kh7 36. h5 Rc5 37. f4 Ra1+ 38. Kg2 Rc6 39. h6 Rg6 40. Rh3 Ra2+ 41. Kf1 Ra1+ 42. Ke2 Ra2+ 43. Kf3 Rxh6 44. Rxh6+ Kg8 45. Rg6 Rc2 46. Rgxg7+ Kh8 47. Rgf7 Rxc3+ 48. Kg4 Kg8 49. g6 Rc8 50. Rxa7 b5 51. g7 b4 52. Rf8+ Rxf8 53. gxf8R+ Kxf8 54. Rb7 b3 55. Rxb3 Kf7 56. Rb6 Kg7 57. Kf5 Kf7 58. Rb7+ Kg8 59. Kf6 Kf8 60. Rb8# 1-0